[Event "49th Reggio Emilia it"]
[Site "Reggio Emilia ITA"]
[Date "2006.12.30"]
[Round "1"]
[White "Borgo, Giulio"]
[Black "Brunello, Sabino"]
[Result "1/2-1/2"]
[WhiteElo "2420"]
[BlackElo "2460"]
[EventDate "2006.12.30"]
[PlyCount "67"]

1.c4 Nf6 2.Nc3 e6 3.e4 d5 4.e5 d4 5.exf6 dxc3 6.bxc3 Qxf6 7.d4 c5 8.Nf3 
cxd4 9.Bg5 Qf5 10.cxd4 Bb4+ 11.Bd2 Qa5 12.Bd3 Nc6 13.Rb1 Bxd2+ 14.Qxd2 
Qxd2+ 15.Kxd2 b6 16.Be4 Bd7 17.d5 exd5 18.cxd5 Ne7 19.d6 Bc6 20.Bd3 Bxf3 
21.Rhe1 Kd7 22.Rxe7+ Kxd6 23.Rxf7 Bxg2 24.Rxg7 Bd5 25.f4 Bxa2 26.Ra1 Bd5 
27.Raxa7 Rxa7 28.Rxa7 h6 29.Ke3 Rf8 30.h4 Re8+ 31.Kd4 Rf8 32.Ke3 Re8+ 33.
Kd4 Rf8 34.Ke3 1/2-1/2

[Event "49th Reggio Emilia it"]
[Site "Reggio Emilia ITA"]
[Date "2006.12.30"]
[Round "1"]
[White "Iordachescu, Viorel"]
[Black "Landa, Konstantin"]
[Result "1/2-1/2"]
[WhiteElo "2564"]
[BlackElo "2570"]
[EventDate "2006.12.30"]
[PlyCount "27"]

1.e4 e5 2.Nf3 Nf6 3.d4 Nxe4 4.Bd3 d5 5.Nxe5 Nd7 6.Nxd7 Bxd7 7.O-O Bd6 8.
Qh5 Qf6 9.Be3 Bf5 10.f3 g6 11.Qh6 Bf8 12.Qf4 Bd6 13.Qh6 Bf8 14.Qf4 1/2-1/2

[Event "49th Reggio Emilia it"]
[Site "Reggio Emilia ITA"]
[Date "2006.12.30"]
[Round "1"]
[White "Manca, Federico"]
[Black "Shytaj, Luca"]
[Result "0-1"]
[WhiteElo "2425"]
[BlackElo "2441"]
[EventDate "2006.12.30"]
[PlyCount "70"]

1.e4 c5 2.c3 d5 3.exd5 Qxd5 4.d4 Nf6 5.Nf3 e6 6.Be3 cxd4 7.cxd4 Bb4+ 8.Nc3
O-O 9.Bd3 b6 10.O-O Bxc3 11.bxc3 Ba6 12.Bxa6 Nxa6 13.Ne5 Nb8 14.c4 Qb7 15.
a4 Nc6 16.f4 Rfd8 17.Qf3 Rac8 18.Rad1 Na5 19.Qe2 Nd7 20.Qh5 Nf6 21.Qe2 Nd7
22.Qh5 Nf8 23.c5 f6 24.Ng4 Qd5 25.f5 Nc4 26.Bh6 exf5 27.Rxf5 Qf7 28.Qh3 
Rxc5 29.Bxg7 Qxg7 30.Nxf6+ Kh8 31.Nh5 Qe7 32.Rxf8+ Qxf8 33.Rf1 Qxf1+ 34.
Kxf1 Rxd4 35.Qe6 Rf5+ 0-1

[Event "49th Reggio Emilia it"]
[Site "Reggio Emilia ITA"]
[Date "2006.12.30"]
[Round "1"]
[White "Mogranzini, Roberto"]
[Black "Rombaldoni, Denis"]
[Result "1-0"]
[WhiteElo "2401"]
[BlackElo "2377"]
[EventDate "2006.12.30"]
[PlyCount "91"]

1.e4 c6 2.d4 d5 3.e5 Bf5 4.c4 e6 5.Nc3 Nd7 6.a3 f6 7.f4 fxe5 8.fxe5 dxc4 
9.Nge2 b5 10.Ng3 Ne7 11.Qf3 Bg6 12.Nce4 Nf5 13.Nxf5 Bxf5 14.Ng3 Rc8 15.
Nxf5 exf5 16.h4 Be7 17.Qxf5 Bxh4+ 18.Kd1 g6 19.Qe6+ Qe7 20.Qg4 O-O 21.g3 
Nxe5 22.dxe5 Qxe5 23.Bxc4+ bxc4 24.Qxc4+ Rf7 25.Rxh4 Rd8+ 26.Kc2 Rd5 27.
Kb3 Rc5 28.Qe4 Qxg3+ 29.Ka2 Re5 30.Qc4 Rf5 31.Bd2 Qd6 32.Bc3 Rc5 33.Qb3 
Rb5 34.Rxh7 Kxh7 35.Qxf7+ Kh6 36.Rh1+ Rh5 37.Rxh5+ Kxh5 38.Qh7+ Kg4 39.
Qxa7 Qd5+ 40.b3 c5 41.Qa6 Qg2+ 42.Bb2 g5 43.Qc4+ Kh3 44.Qxc5 g4 45.a4 Qe4 
46.Bd4 1-0

[Event "49th Reggio Emilia it"]
[Site "Reggio Emilia ITA"]
[Date "2006.12.30"]
[Round "1"]
[White "Romanishin, Oleg"]
[Black "Khenkin, Igor"]
[Result "1/2-1/2"]
[WhiteElo "2542"]
[BlackElo "2620"]
[EventDate "2006.12.30"]
[PlyCount "48"]

1.d4 d5 2.Nf3 Nf6 3.c4 c6 4.Nc3 e6 5.g3 dxc4 6.Bg2 Nbd7 7.O-O b5 8.Bg5 Bb7
9.a4 Qb6 10.Ne5 Rd8 11.Nxd7 Rxd7 12.Bxf6 gxf6 13.e3 h5 14.a5 Qd8 15.a6 Ba8
16.Qf3 Be7 17.Rfd1 f5 18.h4 Bf6 19.Nxb5 cxb5 20.Qxa8 Qxa8 21.Bxa8 Rd6 22.
Ra5 Ke7 23.Bb7 Rb6 24.b3 cxb3 1/2-1/2

[Event "49th Reggio Emilia it"]
[Site "Reggio Emilia ITA"]
[Date "2006.12.31"]
[Round "2"]
[White "Brunello, Sabino"]
[Black "Shytaj, Luca"]
[Result "1/2-1/2"]
[WhiteElo "2460"]
[BlackElo "2441"]
[EventDate "2006.12.30"]
[PlyCount "34"]

1.e4 c5 2.Nf3 d6 3.d4 cxd4 4.Nxd4 Nf6 5.Nc3 a6 6.Be3 Ng4 7.Bg5 h6 8.Bh4 g5
9.Bg3 Bg7 10.Qd2 Nc6 11.Nb3 b5 12.f3 Nge5 13.Bf2 Rb8 14.O-O-O Na5 15.Bd4 
Nac6 16.Bf2 Na5 17.Bd4 Nac6 1/2-1/2

[Event "49th Reggio Emilia it"]
[Site "Reggio Emilia ITA"]
[Date "2006.12.31"]
[Round "2"]
[White "Khenkin, Igor"]
[Black "Manca, Federico"]
[Result "1-0"]
[WhiteElo "2620"]
[BlackElo "2425"]
[EventDate "2006.12.30"]
[PlyCount "99"]

1.d4 Nf6 2.c4 g6 3.Nc3 Bg7 4.e4 d6 5.h3 O-O 6.Be3 e5 7.d5 a5 8.c5 Na6 9.
cxd6 cxd6 10.Nf3 Nc5 11.Bxc5 dxc5 12.Bb5 a4 13.Nd2 a3 14.bxa3 Rxa3 15.Qc2 
Qa5 16.Ncb1 Nxd5 17.Nxa3 Nf4 18.Qb2 Nxg2+ 19.Kd1 Nf4 20.Kc2 Nxh3 21.Qc3 
Qxc3+ 22.Kxc3 Nxf2 23.Rhf1 Ng4 24.Nac4 Be6 25.Nb3 b6 26.a4 Rb8 27.Nxb6 
Rxb6 28.Nxc5 Ne3 29.Rf3 Nd5+ 30.exd5 e4+ 31.Kc4 exf3 32.Rf1 Bg4 33.a5 Rf6 
34.a6 Bh3 35.Rf2 Rf4+ 36.Kb3 Bd4 37.a7 Bxc5 38.a8=Q+ Kg7 39.Qa1+ Kg8 40.
Qa8+ Kg7 41.Qa1+ Bd4 42.Qc1 g5 43.Rd2 Bf6 44.Qe1 h5 45.Bc4 Bd7 46.d6 h4 
47.Qe3 Bd8 48.Qa7 Bc6 49.Qb8 Ba5 50.d7 1-0

[Event "49th Reggio Emilia it"]
[Site "Reggio Emilia ITA"]
[Date "2006.12.31"]
[Round "2"]
[White "Rombaldoni, Denis"]
[Black "Romanishin, Oleg"]
[Result "1/2-1/2"]
[WhiteElo "2377"]
[BlackElo "2542"]
[EventDate "2006.12.30"]
[PlyCount "104"]

1.d4 Nf6 2.c4 e6 3.Nf3 b6 4.g3 Ba6 5.b3 Bb7 6.Bg2 Bb4+ 7.Bd2 a5 8.O-O O-O 
9.Nc3 d6 10.Qc2 Nbd7 11.Rad1 Bxc3 12.Bxc3 Be4 13.Qb2 b5 14.cxb5 a4 15.d5 
e5 16.Nd2 Bxg2 17.Kxg2 Nxd5 18.Ne4 N7b6 19.Bd2 Qd7 20.Nc3 Nxc3 21.Qxc3 
Qxb5 22.Qxc7 axb3 23.axb3 Rfd8 24.Be3 Nd5 25.Qc4 Nxe3+ 26.fxe3 Qxc4 27.
bxc4 Rac8 28.Rd5 Kf8 29.Rc1 Rc6 30.Kf3 Rdc8 31.Rcd1 Ke7 32.c5 dxc5 33.
Rxe5+ Re6 34.Ke4 Rxe5+ 35.Kxe5 f6+ 36.Ke4 Ke6 37.Ra1 Rd8 38.Ra7 f5+ 39.Kf4
Rc8 40.e4 g5+ 41.Kxg5 Rg8+ 42.Kf4 Rg4+ 43.Kf3 Rxe4 44.Rxh7 Rc4 45.h3 Rc1 
46.g4 fxg4+ 47.hxg4 c4 48.Ke4 Rg1 49.Rh6+ Kd7 50.Kd4 Rxg4+ 51.e4 c3 52.Rh2
Rg3 1/2-1/2

[Event "49th Reggio Emilia it"]
[Site "Reggio Emilia ITA"]
[Date "2007.01.01"]
[Round "3"]
[White "Iordachescu, Viorel"]
[Black "Brunello, Sabino"]
[Result "1-0"]
[WhiteElo "2564"]
[BlackElo "2460"]
[EventDate "2006.12.30"]
[PlyCount "61"]

1.e4 e5 2.Nf3 Nc6 3.Bb5 a6 4.Ba4 Nf6 5.O-O Be7 6.Re1 b5 7.Bb3 O-O 8.c3 d5 
9.exd5 Nxd5 10.Nxe5 Nxe5 11.Rxe5 c6 12.Re1 Bd6 13.g3 Bf5 14.d4 Qd7 15.Be3 
Rae8 16.Nd2 Bg4 17.Qb1 Bf5 18.Bc2 Bxc2 19.Qxc2 f5 20.c4 Nf6 21.Bg5 Ng4 22.
cxb5 axb5 23.h3 Nf6 24.Bxf6 Rxf6 25.Rxe8+ Qxe8 26.Nf3 f4 27.g4 h5 28.Re1 
Qc8 29.Ng5 g6 30.Ne4 Re6 31.d5 1-0

[Event "49th Reggio Emilia it"]
[Site "Reggio Emilia ITA"]
[Date "2007.01.01"]
[Round "3"]
[White "Manca, Federico"]
[Black "Rombaldoni, Denis"]
[Result "1/2-1/2"]
[WhiteElo "2425"]
[BlackElo "2377"]
[EventDate "2006.12.30"]
[PlyCount "68"]

1.e4 c6 2.d4 d5 3.exd5 cxd5 4.c4 Nf6 5.Nc3 e6 6.Nf3 Bb4 7.Bd3 dxc4 8.Bxc4 
Qc7 9.Qd3 O-O 10.O-O Bxc3 11.bxc3 Nbd7 12.Bg5 b6 13.Rfe1 Bb7 14.Bb3 b5 15.
Ne5 Nxe5 16.dxe5 Qc6 17.f3 Nd5 18.Rac1 Rfc8 19.Bc2 g6 20.Bb3 Nxc3 21.Qd2 
a5 22.Re3 b4 23.a3 Qb6 24.Kh1 Bd5 25.Bf6 Bxb3 26.Rexc3 Rxc3 27.Rxc3 Rd8 
28.Qxd8+ Qxd8 29.Bxd8 bxc3 30.Bxa5 c2 31.Bd2 Kf8 32.Kg1 Ke7 33.Kf2 Kd7 34.
Ke3 Kc6 1/2-1/2

[Event "49th Reggio Emilia it"]
[Site "Reggio Emilia ITA"]
[Date "2007.01.01"]
[Round "3"]
[White "Romanishin, Oleg"]
[Black "Landa, Konstantin"]
[Result "0-1"]
[WhiteElo "2542"]
[BlackElo "2570"]
[EventDate "2006.12.30"]
[PlyCount "76"]

1.d4 Nf6 2.Nf3 d5 3.c4 e6 4.g3 dxc4 5.Bg2 Bb4+ 6.Bd2 a5 7.O-O O-O 8.Qc2 
Bxd2 9.Nbxd2 b5 10.a4 c6 11.b3 cxb3 12.Nxb3 Ba6 13.Rfd1 bxa4 14.Nc5 Bb5 
15.Ne5 Qd6 16.Nc4 Qc7 17.Na3 Nd5 18.Rdc1 Qe7 19.Nxa4 Na6 20.Nc3 Nab4 21.
Qd2 Ba6 22.Na4 Rfd8 23.Nc5 Bb5 24.e4 Nb6 25.Qe3 h6 26.h4 Nd7 27.Nb7 Rdb8 
28.Nxb5 Rxb7 29.Nc3 e5 30.d5 Qd6 31.dxc6 Nxc6 32.Nd5 Nd4 33.Rc3 Rb2 34.Bf1
Nf6 35.Rac1 Ng4 36.Rc8+ Rxc8 37.Rxc8+ Kh7 38.Qc3 Rxf2 0-1

[Event "49th Reggio Emilia it"]
[Site "Reggio Emilia ITA"]
[Date "2007.01.02"]
[Round "4"]
[White "Borgo, Giulio"]
[Black "Romanishin, Oleg"]
[Result "1/2-1/2"]
[WhiteElo "2420"]
[BlackElo "2542"]
[EventDate "2006.12.30"]
[PlyCount "62"]

1.c4 e5 2.Nc3 Nf6 3.Nf3 Nc6 4.a3 g6 5.g3 d5 6.cxd5 Nxd5 7.d3 Bg7 8.Nxd5 
Qxd5 9.Bg2 O-O 10.O-O a5 11.Be3 Qd8 12.Qc2 Be6 13.Rac1 Bd5 14.Qa4 h6 15.
Rc5 Ne7 16.Rxa5 Rxa5 17.Qxa5 b6 18.Qe1 e4 19.dxe4 Bxe4 20.Qc1 Nf5 21.Bf4 
c5 22.b4 cxb4 23.axb4 Qe7 24.Rd1 Qxb4 25.g4 Bxf3 26.Bxf3 Nd4 27.Bxh6 Bxh6 
28.Qxh6 Nxf3+ 29.exf3 Qb3 30.Rd4 Qxf3 31.Qf4 Qxf4 1/2-1/2

[Event "49th Reggio Emilia it"]
[Site "Reggio Emilia ITA"]
[Date "2007.01.02"]
[Round "4"]
[White "Brunello, Sabino"]
[Black "Khenkin, Igor"]
[Result "1/2-1/2"]
[WhiteElo "2460"]
[BlackElo "2620"]
[EventDate "2006.12.30"]
[PlyCount "20"]

1.e4 e5 2.Nf3 Nc6 3.d4 exd4 4.Nxd4 Bc5 5.Be3 Qf6 6.c3 Nge7 7.Bc4 Ne5 8.Be2
Qg6 9.O-O d6 10.Kh1 Qxe4 1/2-1/2

[Event "49th Reggio Emilia it"]
[Site "Reggio Emilia ITA"]
[Date "2007.01.02"]
[Round "4"]
[White "Iordachescu, Viorel"]
[Black "Mogranzini, Roberto"]
[Result "1-0"]
[WhiteElo "2564"]
[BlackElo "2401"]
[EventDate "2006.12.30"]
[PlyCount "97"]

1.e4 c5 2.Nf3 e6 3.d4 cxd4 4.Nxd4 a6 5.Bd3 Qc7 6.O-O g6 7.c4 Bg7 8.Ne2 d6 
9.Nbc3 Nd7 10.Bf4 Ngf6 11.Rc1 O-O 12.h3 b6 13.Qd2 Bb7 14.Rfd1 Rfd8 15.b3 
Rac8 16.Bb1 Ne5 17.Qe3 Rb8 18.Rd2 Bf8 19.Rcd1 Be7 20.Bh2 Ba8 21.a4 Qc5 22.
Nd4 Nc6 23.Nxc6 Qxc6 24.Bf4 Rd7 25.Bg5 Rbd8 26.Bc2 Ne8 27.h4 Nf6 28.Qf3 
Ne8 29.Qg3 Bxg5 30.hxg5 Qc5 31.Rd3 Bc6 32.Qh4 b5 33.cxb5 axb5 34.axb5 Bxb5
35.Rh3 h5 36.gxh6 Kh7 37.Ra1 Bc6 38.Qf4 Qd4 39.Rd1 Qf6 40.Qe3 Rc8 41.Ne2 
Bb7 42.Bd3 Qb2 43.Bb5 Bc6 44.Bxc6 Rxc6 45.Nd4 Rc5 46.Nf3 Nf6 47.e5 Ng4 48.
Ng5+ Kh8 49.Qf3 1-0

[Event "49th Reggio Emilia it"]
[Site "Reggio Emilia ITA"]
[Date "2007.01.02"]
[Round "4"]
[White "Landa, Konstantin"]
[Black "Manca, Federico"]
[Result "0-1"]
[WhiteElo "2570"]
[BlackElo "2425"]
[EventDate "2006.12.30"]
[PlyCount "70"]

1.d4 Nf6 2.Nf3 g6 3.c4 Bg7 4.Nc3 O-O 5.e4 d6 6.Be2 e5 7.O-O Nc6 8.d5 Ne7 
9.b4 Ne8 10.c5 f5 11.Nd2 Nf6 12.f3 f4 13.Ba3 g5 14.b5 b6 15.cxd6 cxd6 16.
Rc1 Rf7 17.Qb3 Bf8 18.Nd1 Rg7 19.Nf2 Kh8 20.Rfd1 h5 21.h3 Ng6 22.Rc6 Nh4 
23.Rdc1 g4 24.hxg4 hxg4 25.Qc3 Bd7 26.Bxd6 Bxd6 27.Rxd6 gxf3 28.Nxf3 Rxg2+
29.Kf1 Rxf2+ 30.Kxf2 Nxe4+ 31.Ke1 Nxc3 32.Rxc3 Nxf3+ 33.Bxf3 Qh4+ 34.Kd2 
Qf2+ 35.Be2 Bg4 0-1

[Event "49th Reggio Emilia it"]
[Site "Reggio Emilia ITA"]
[Date "2007.01.02"]
[Round "4"]
[White "Rombaldoni, Denis"]
[Black "Shytaj, Luca"]
[Result "1/2-1/2"]
[WhiteElo "2377"]
[BlackElo "2441"]
[EventDate "2006.12.30"]
[PlyCount "146"]

1.d4 Nf6 2.c4 c5 3.d5 b5 4.cxb5 a6 5.bxa6 g6 6.Nc3 Bxa6 7.g3 Bg7 8.Bg2 d6 
9.Nf3 Nbd7 10.Rb1 O-O 11.O-O Ne8 12.Qc2 Nc7 13.Rd1 Bxc3 14.Qxc3 Bxe2 15.
Bh6 Nf6 16.Rd2 Bxf3 17.Bxf3 Re8 18.b4 Nb5 19.Qc1 Rc8 20.bxc5 Rxc5 21.Qb2 
Nc3 22.Rc1 Qc7 23.Be3 Rb8 24.Qa3 Nb1 25.Rxc5 dxc5 26.Qc1 Nxd2 27.Bxd2 Qb6 
28.Qc4 Nd7 29.Bf4 Qb5 30.Qc3 Re8 31.Bh6 f6 32.Kg2 Ne5 33.Be4 Qc4 34.Qe1 f5
35.Bf3 Nxf3 36.Qe6+ Kh8 37.Qf7 Ne1+ 38.Kg1 Nf3+ 39.Kg2 Ne1+ 40.Kg1 Rg8 41.
Qxe7 Nf3+ 42.Kg2 Qd4 43.d6 Rb8 44.Kxf3 Qd3+ 45.Kg2 Qe4+ 46.Qxe4 fxe4 47.
Bg5 Rb7 48.f3 Kg8 49.fxe4 Kf7 50.Kf3 Ke6 51.Bf4 Rb2 52.h4 Rxa2 53.Ke3 Ra3+
54.Kd2 c4 55.Kc2 Rd3 56.e5 Kf5 57.Kb2 h6 58.Bxh6 Kxe5 59.Bf4+ Ke6 60.Kc2 
Rf3 61.Kd2 Kd5 62.Kc2 Rd3 63.Kb2 Ke4 64.Kc2 Kf3 65.Be5 Ke4 66.Bf4 Kd4 67.
Bg5 Kc5 68.Bf4 Kc6 69.Kb2 Rf3 70.Kc2 Rxf4 71.gxf4 Kxd6 72.Kc3 Kd5 73.f5 
gxf5 1/2-1/2

[Event "49th Reggio Emilia it"]
[Site "Reggio Emilia ITA"]
[Date "2007.01.03"]
[Round "5"]
[White "Manca, Federico"]
[Black "Borgo, Giulio"]
[Result "1/2-1/2"]
[WhiteElo "2425"]
[BlackElo "2420"]
[EventDate "2006.12.30"]
[PlyCount "32"]

1.e4 c5 2.c3 d5 3.exd5 Qxd5 4.d4 Nf6 5.Nf3 e6 6.Be3 cxd4 7.cxd4 Bb4+ 8.Nc3
O-O 9.Bd3 b6 10.O-O Bxc3 11.bxc3 Ba6 12.Bxa6 Nxa6 13.Qa4 Qb7 14.c4 Rac8 
15.Rab1 Nb8 16.h3 Qa6 1/2-1/2

[Event "49th Reggio Emilia it"]
[Site "Reggio Emilia ITA"]
[Date "2007.01.03"]
[Round "5"]
[White "Mogranzini, Roberto"]
[Black "Brunello, Sabino"]
[Result "0-1"]
[WhiteElo "2401"]
[BlackElo "2460"]
[EventDate "2006.12.30"]
[PlyCount "74"]

1.e4 e5 2.Nf3 Nc6 3.Bb5 a6 4.Ba4 Nf6 5.O-O Be7 6.Re1 b5 7.Bb3 O-O 8.a4 b4 
9.d3 d6 10.a5 Rb8 11.Nbd2 Be6 12.Nc4 Nd7 13.Be3 Bf6 14.c3 Ne7 15.d4 bxc3 
16.d5 Bg4 17.bxc3 Bxf3 18.gxf3 Bh4 19.Bc2 f5 20.Rb1 Rxb1 21.Bxb1 fxe4 22.
fxe4 Ng6 23.Qg4 Nf6 24.Qe6+ Kh8 25.Rf1 Nh5 26.Qg4 Nhf4 27.Kh1 h5 28.Qd1 
Bg5 29.Nd2 Bh6 30.Qe1 Nh4 31.Rg1 Nh3 32.Rg3 Bxe3 33.fxe3 Qd7 34.Ba2 Nf2+ 
35.Kg1 Qa4 36.Bb3 Qxa5 37.Bd1 Qa1 0-1

[Event "49th Reggio Emilia it"]
[Site "Reggio Emilia ITA"]
[Date "2007.01.03"]
[Round "5"]
[White "Romanishin, Oleg"]
[Black "Iordachescu, Viorel"]
[Result "0-1"]
[WhiteElo "2542"]
[BlackElo "2564"]
[EventDate "2006.12.30"]
[PlyCount "80"]

1.d4 Nf6 2.Nf3 g6 3.g3 Bg7 4.Bg2 d5 5.O-O O-O 6.c4 dxc4 7.Ne5 c5 8.d5 Nbd7
9.Nxc4 b5 10.d6 Rb8 11.dxe7 Qxe7 12.Na5 Rb6 13.a4 a6 14.axb5 axb5 15.Nc3 
b4 16.Na4 Ra6 17.Nc4 Rd8 18.Qc2 Nf8 19.Ncb6 Bf5 20.Qc4 Qa7 21.Be3 N6d7 22.
Nxd7 Nxd7 23.b3 Be6 24.Qc2 Bxa1 25.Rxa1 Qb8 26.Bf4 Qb5 27.Qb2 c4 28.bxc4 
Bxc4 29.Bh6 Qe5 30.Rd1 Qxb2 31.Nxb2 Bxe2 32.Re1 Bb5 33.Bd5 Nc5 34.Bc4 Bxc4
35.Nxc4 b3 36.Be3 Ne6 37.Rb1 Rb8 38.Kg2 Rc6 39.Na5 Rc3 40.Bd2 Rc2 0-1

[Event "49th Reggio Emilia it"]
[Site "Reggio Emilia ITA"]
[Date "2007.01.04"]
[Round "6"]
[White "Borgo, Giulio"]
[Black "Shytaj, Luca"]
[Result "1/2-1/2"]
[WhiteElo "2420"]
[BlackElo "2441"]
[EventDate "2006.12.30"]
[PlyCount "68"]

1.c4 e5 2.Nc3 Nf6 3.Nf3 Nc6 4.e3 Bb4 5.Nd5 Bd6 6.d4 exd4 7.Nxd4 Nxd5 8.
cxd5 Nxd4 9.Qxd4 O-O 10.Bd3 c5 11.dxc6 dxc6 12.Bd2 Re8 13.Bc3 Be5 14.Qxd8 
Bxc3+ 15.bxc3 Rxd8 16.Ke2 Be6 17.Rhd1 Rd7 18.Rd2 Rad8 19.Rad1 Rxd3 20.Rxd3
Bc4 21.e4 g5 22.f3 Kg7 23.Ke3 Rxd3+ 24.Rxd3 Bxd3 25.Kxd3 Kf6 26.g3 Ke6 27.
f4 g4 28.Kd4 f6 29.a4 b6 30.Kc4 Kd6 31.Kb4 a6 32.Kc4 c5 33.Kb3 b5 34.c4 b4
1/2-1/2

[Event "49th Reggio Emilia it"]
[Site "Reggio Emilia ITA"]
[Date "2007.01.04"]
[Round "6"]
[White "Brunello, Sabino"]
[Black "Rombaldoni, Denis"]
[Result "1-0"]
[WhiteElo "2460"]
[BlackElo "2377"]
[EventDate "2006.12.30"]
[PlyCount "88"]

1.e4 c5 2.Nf3 e6 3.d4 cxd4 4.Nxd4 a6 5.Nc3 b5 6.Bd3 Qb6 7.Nb3 Qc7 8.a4 b4 
9.Ne2 Bb7 10.Bf4 e5 11.Bg5 Be7 12.Qd2 f6 13.Be3 f5 14.f3 fxe4 15.fxe4 Nf6 
16.Ng3 O-O 17.O-O d5 18.Nf5 d4 19.Bg5 Nc6 20.Nxe7+ Qxe7 21.a5 Bc8 22.Qe2 
h6 23.Bxf6 Rxf6 24.Rxf6 Qxf6 25.Rf1 Qd6 26.Bc4+ Be6 27.Bxe6+ Qxe6 28.Nc5 
Qd6 29.Qc4+ Kh7 30.Nb7 Qg6 31.Qd5 Rb8 32.Nc5 Rd8 33.Nd7 Kh8 34.Nxe5 Nxe5 
35.Qxd8+ Kh7 36.Qxd4 Qg5 37.Rf5 Qc1+ 38.Rf1 Qg5 39.Qf2 g6 40.Qa7+ Kg8 41.
Qxa6 h5 42.Qc8+ Kh7 43.Qb7+ Kh6 44.Qxb4 Nd7 1-0

[Event "49th Reggio Emilia it"]
[Site "Reggio Emilia ITA"]
[Date "2007.01.04"]
[Round "6"]
[White "Iordachescu, Viorel"]
[Black "Manca, Federico"]
[Result "1-0"]
[WhiteElo "2564"]
[BlackElo "2425"]
[EventDate "2006.12.30"]
[PlyCount "67"]

1.e4 d6 2.d4 Nf6 3.Nc3 g6 4.Bg5 c6 5.Qd2 b5 6.Bd3 Nbd7 7.Nf3 Qc7 8.O-O Bg7
9.Rfe1 e5 10.a4 exd4 11.Nxd4 b4 12.Nce2 a5 13.Ng3 O-O 14.Rad1 Nc5 15.b3 
Re8 16.Bh6 Bh8 17.h3 Ng4 18.hxg4 Bxd4 19.e5 Bxg4 20.Qf4 Bxd1 21.Qxd4 Ne6 
22.Qa1 dxe5 23.Rxd1 Nf4 24.Ne4 Nd5 25.Bc4 Kh8 26.Re1 Nb6 27.Nf6 Re7 28.Ng4
Nxc4 29.bxc4 Re6 30.Rxe5 Rxe5 31.Nxe5 f6 32.Ng4 Rd8 33.Nxf6 Qf7 34.g3 1-0

[Event "49th Reggio Emilia it"]
[Site "Reggio Emilia ITA"]
[Date "2007.01.04"]
[Round "6"]
[White "Landa, Konstantin"]
[Black "Khenkin, Igor"]
[Result "1/2-1/2"]
[WhiteElo "2570"]
[BlackElo "2620"]
[EventDate "2006.12.30"]
[PlyCount "45"]

1.e4 e5 2.Nf3 Nf6 3.Nxe5 d6 4.Nf3 Nxe4 5.Nc3 Nxc3 6.dxc3 Be7 7.Bf4 O-O 8.
Qd2 Nd7 9.O-O-O Nc5 10.h4 c6 11.Bxd6 Bxd6 12.Qxd6 Qxd6 13.Rxd6 Ne4 14.Rd4 
Nxf2 15.Rg1 Ng4 16.a4 Be6 17.Ng5 Bf5 18.Bd3 Bxd3 19.cxd3 Nf6 20.Re1 Rfe8 
21.Rxe8+ Rxe8 22.Kd2 Kf8 23.b4 1/2-1/2

[Event "49th Reggio Emilia it"]
[Site "Reggio Emilia ITA"]
[Date "2007.01.04"]
[Round "6"]
[White "Mogranzini, Roberto"]
[Black "Romanishin, Oleg"]
[Result "1/2-1/2"]
[WhiteElo "2401"]
[BlackElo "2542"]
[EventDate "2006.12.30"]
[PlyCount "62"]

1.e4 e5 2.Nf3 Nc6 3.Bb5 a6 4.Ba4 Nf6 5.d3 d6 6.O-O b5 7.Bb3 Na5 8.h3 Be7 
9.Nc3 O-O 10.Bd2 Nxb3 11.axb3 Bb7 12.Re1 Re8 13.Ne2 Bf8 14.Ng3 d5 15.Bc3 
d4 16.Bd2 c5 17.Rf1 c4 18.bxc4 bxc4 19.Ne1 Qb6 20.Kh1 cxd3 21.cxd3 Bc6 22.
f4 Qxb2 23.fxe5 Nd7 24.Nf5 Nxe5 25.Bf4 Ng6 26.Bg3 Bb5 27.Rf2 Qc3 28.Rc2 
Qb4 29.Rb1 Qa3 30.Ra1 Qb4 31.Rb1 Qa3 1/2-1/2

[Event "49th Reggio Emilia it"]
[Site "Reggio Emilia ITA"]
[Date "2007.01.05"]
[Round "7"]
[White "Khenkin, Igor"]
[Black "Borgo, Giulio"]
[Result "1-0"]
[WhiteElo "2620"]
[BlackElo "2420"]
[EventDate "2006.12.30"]
[PlyCount "69"]

1.d4 d5 2.c4 dxc4 3.Nf3 a6 4.e3 b5 5.a4 Bb7 6.axb5 axb5 7.Rxa8 Bxa8 8.b3 
e6 9.bxc4 bxc4 10.Bxc4 Nf6 11.O-O Nbd7 12.Nc3 Be7 13.d5 exd5 14.Nxd5 Nxd5 
15.Bxd5 Nb6 16.Bxa8 Qxd1 17.Rxd1 Nxa8 18.Nd4 O-O 19.Nf5 Bf6 20.Ba3 Re8 21.
Rc1 g6 22.Nh6+ Kg7 23.Ng4 Be7 24.Bxe7 Rxe7 25.h3 Nb6 26.Kf1 Nd5 27.Nh2 Nf6
28.Nf3 Ne4 29.Rc6 Kf8 30.Nd4 Ke8 31.Nb5 Kd8 32.f3 Nd6 33.Nxd6 Kd7 34.Nf5 
Re5 35.Nd4 1-0

[Event "49th Reggio Emilia it"]
[Site "Reggio Emilia ITA"]
[Date "2007.01.05"]
[Round "7"]
[White "Romanishin, Oleg"]
[Black "Brunello, Sabino"]
[Result "1-0"]
[WhiteElo "2542"]
[BlackElo "2460"]
[EventDate "2006.12.30"]
[PlyCount "97"]

1.d4 Nf6 2.Nf3 e6 3.g3 b6 4.Bg2 Bb7 5.c4 Be7 6.Nc3 O-O 7.d5 Bb4 8.O-O Bxc3
9.bxc3 Na6 10.Ne5 Nc5 11.Ba3 exd5 12.cxd5 Re8 13.Bxc5 bxc5 14.Nc4 d6 15.
Ne3 Ba6 16.Qd2 h5 17.c4 h4 18.Rab1 hxg3 19.hxg3 Qd7 20.Rb3 Rxe3 21.Rxe3 
Bxc4 22.Rc1 Bb5 23.Bf3 Qh3 24.Qa5 Qd7 25.Kg2 a6 26.Rh1 Bc4 27.Rd1 Re8 28.
Rxe8+ Qxe8 29.Rd2 Qe5 30.Qxc7 g5 31.g4 Ne4 32.Qd8+ Kg7 33.Rd1 Bxd5 34.Rxd5
Qxd5 35.Qe7 Qxa2 36.Bxe4 Qxe2 37.Qxg5+ Kf8 38.Qd8+ Kg7 39.Qg5+ Kf8 40.Qf5 
Kg7 41.g5 Qh5 42.Qf6+ Kg8 43.f3 Qh4 44.Bd5 Qh5 45.Bc4 d5 46.Bxd5 a5 47.Bc4
Kf8 48.Qd6+ Kg7 49.Qxc5 1-0

[Event "49th Reggio Emilia it"]
[Site "Reggio Emilia ITA"]
[Date "2007.01.05"]
[Round "7"]
[White "Rombaldoni, Denis"]
[Black "Landa, Konstantin"]
[Result "0-1"]
[WhiteElo "2377"]
[BlackElo "2570"]
[EventDate "2006.12.30"]
[PlyCount "76"]

1.d4 Nf6 2.c4 e6 3.Nf3 c5 4.d5 b5 5.dxe6 fxe6 6.cxb5 a6 7.bxa6 d5 8.g3 Bd6
9.Bg2 O-O 10.O-O Nc6 11.Nc3 Rxa6 12.Bg5 h6 13.Bxf6 Qxf6 14.e4 d4 15.Nb5 e5
16.Nd2 Kh8 17.Qc1 Na5 18.b3 Bd7 19.Na3 Rfa8 20.f4 exf4 21.e5 Bxe5 22.Ne4 
Qg6 23.gxf4 Bh3 24.Ng3 Bxg2 25.Kxg2 Qc6+ 26.Kh3 Bf6 27.Qd2 Nxb3 28.axb3 
Rxa3 29.Rxa3 Rxa3 30.Qc2 Qe6+ 31.f5 Qd5 32.Rc1 Rxb3 33.Qxc5 Qf3 34.Rb1 Kh7
35.Qc8 Qh5+ 36.Kg2 Qf3+ 37.Kh3 Rc3 38.Rb3 Qf1+ 0-1

[Event "49th Reggio Emilia it"]
[Site "Reggio Emilia ITA"]
[Date "2007.01.05"]
[Round "7"]
[White "Shytaj, Luca"]
[Black "Iordachescu, Viorel"]
[Result "1/2-1/2"]
[WhiteElo "2441"]
[BlackElo "2564"]
[EventDate "2006.12.30"]
[PlyCount "61"]

1.e4 c6 2.d4 d5 3.exd5 cxd5 4.c4 Nf6 5.Nc3 e6 6.Nf3 Bb4 7.cxd5 Nxd5 8.Qc2 
Nc6 9.Be2 O-O 10.O-O Re8 11.Rd1 Bd7 12.Ng5 g6 13.Nge4 Rc8 14.Bg5 Be7 15.
Bxe7 Ncxe7 16.Nd6 Nxc3 17.bxc3 Ba4 18.Qxa4 Qxd6 19.c4 Nc6 20.c5 Qf4 21.Bb5
Red8 22.Bxc6 bxc6 23.Qxa7 Rxd4 24.g3 Qe4 25.Rxd4 Qxd4 26.Rb1 Qe4 27.Rd1 
Qc2 28.Rd6 Qb1+ 29.Kg2 Qe4+ 30.Kg1 Qb1+ 31.Kg2 1/2-1/2

[Event "49th Reggio Emilia it"]
[Site "Reggio Emilia ITA"]
[Date "2007.01.06"]
[Round "8"]
[White "Borgo, Giulio"]
[Black "Rombaldoni, Denis"]
[Result "0-1"]
[WhiteElo "2420"]
[BlackElo "2377"]
[EventDate "2006.12.30"]
[PlyCount "62"]

1.Nf3 Nf6 2.d4 e6 3.e3 c5 4.Bd3 b6 5.O-O Bb7 6.Nbd2 d6 7.b3 Nbd7 8.Bb2 Be7
9.c4 Qc7 10.Rc1 Rc8 11.Bb1 Qb8 12.Qe2 Qa8 13.e4 cxd4 14.Nxd4 h5 15.f4 h4 
16.e5 dxe5 17.fxe5 Nxe5 18.Qxe5 Bxg2 19.Nxe6 Bxf1 20.Nxf1 fxe6 21.Qxe6 Kf8
22.Bg6 Bc5+ 23.Ne3 Bxe3+ 24.Qxe3 Rh6 25.Ba3+ Kg8 26.Qe6+ Kh8 27.Bf5 Re8 
28.Qf7 h3 29.Bxh3 Rxh3 30.Rf1 Re2 31.Qg6 Rhxh2 0-1

[Event "49th Reggio Emilia it"]
[Site "Reggio Emilia ITA"]
[Date "2007.01.06"]
[Round "8"]
[White "Brunello, Sabino"]
[Black "Landa, Konstantin"]
[Result "0-1"]
[WhiteElo "2460"]
[BlackElo "2570"]
[EventDate "2006.12.30"]
[PlyCount "72"]

1.e4 c5 2.Nf3 e6 3.d4 cxd4 4.Nxd4 a6 5.Nc3 Qc7 6.Bd3 Nc6 7.Nxc6 bxc6 8.O-O
d5 9.Qe2 Bb7 10.f4 Nf6 11.e5 Nd7 12.Na4 g6 13.c4 d4 14.Bd2 c5 15.Be4 Rb8 
16.Rf3 Be7 17.Raf1 Bxe4 18.Qxe4 Qb7 19.Qe2 Qc6 20.b3 O-O 21.Nb2 f5 22.exf6
Bxf6 23.Nd3 Rbe8 24.Rh3 Bg7 25.Qg4 e5 26.Qh4 h5 27.fxe5 Rxf1+ 28.Kxf1 Nxe5
29.Nxe5 Rxe5 30.Rf3 Kh7 31.Rf7 Qe6 32.Rf2 Bh6 33.Rf6 Rf5+ 34.Rxf5 Qxf5+ 
35.Ke1 Qe5+ 36.Kd1 d3 0-1

[Event "49th Reggio Emilia it"]
[Site "Reggio Emilia ITA"]
[Date "2007.01.06"]
[Round "8"]
[White "Iordachescu, Viorel"]
[Black "Khenkin, Igor"]
[Result "1/2-1/2"]
[WhiteElo "2564"]
[BlackElo "2620"]
[EventDate "2006.12.30"]
[PlyCount "41"]

1.e4 c6 2.d4 d5 3.Nd2 dxe4 4.Nxe4 Bf5 5.Ng3 Bg6 6.h4 h6 7.Nf3 Nd7 8.h5 Bh7
9.Bd3 Bxd3 10.Qxd3 e6 11.Bf4 Qa5+ 12.Bd2 Bb4 13.c3 Be7 14.c4 Qc7 15.d5 
cxd5 16.cxd5 Qd6 17.Qb5 Nf6 18.dxe6 Qxe6+ 19.Kf1 O-O 20.Re1 Qd5 21.Qxd5 
1/2-1/2